Les 20 voitures les plus vendues en France en 2014 - Statistiques

Statistiques générales
  • Ce quiz a été pris 1 248 fois
    1 235 depuis la dernière actualisation
  • Le résultat moyen est 14 sur 20
Statistiques - réponses
Classement Marques Modèles % Correct
1 Renault Clio IV
95%
2 Peugeot 208
89%
5 Citroën C3 II
86%
20 Fiat 500
85%
18 Citroën C4 II
85%
14 Volkswagen Golf VII
84%
4 Peugeot 308 II
80%
9 Renault Megane III
80%
11 Volkswagen Polo
80%
10 Dacia Sandero
76%
19 Ford Fiesta
74%
12 Dacia Duster
73%
13 Peugeot 3008
72%
16 Renault Twingo II
67%
17 Toyota Yaris
67%
6 Peugeot 2008
59%
7 Renault Scénic III
51%
3 Renault Captur
44%
15 Nissan Qashqai
40%
8 Citroën C4 II Picasso
14%
Aucun quiz correspondant
Distribution des résultats
% des personnes avec chaque résultat
Percentile par nombre de réponses
Votre historique - résultats
Vous n’avez pas pris ce quiz depuis la dernière actualisation